000 00344 a2200109 4500
001 ART_3423
005 20260410161714.0
008 260409a
245 1 0 _aDinero pasivo internacional y hegemonía monetaria
100 1 _aOlivera, Julio H.G.
773 0 _tDesarrollo económico
_g- Vol. 23, Nº 89 (abr./jun. 1983)
_wREV1174
999 _c16377
_d16377